000 01385nam a2200289 a 4500
001 BRCA_2477
005 20190320203828.0
008 211108s1838----fr-#---###---#000-0#spa-u
041 _aspa
044 _afr
084 _a117
_b.L444
_c1838
100 1 _aCervantes Saavedra, Miguel de
_d1547-1616
_9213
245 1 0 _aEl Ingenioso Hidalgo Don Quijote de la Mancha
_ccompuesto por Miguel de Cervantes Saavedra.
260 _aParís
_bLefevre
_c1838
300 _a4 v.
_c13 cm.
500 _aContenido : v 1. Primera parte. Retrato de Cervantes. Elogio de Cervantes por D. José Mor de Fuentes. Dedicatoria del autor. Prólogo del autor. Versos preliminares. Texto. -- v 2. Texto. -- v 3. Segunda parte. Dedicatoria del autor. Prólogo del autor. Texto. -- v 4. Texto
500 _aEsta bonita y bien impresa edición tuvo por modelo la que publicó Baudry, en 1835. También carece de láminas. Semipiel; lomeras decoradas con adornos dorados Lúdovik Osterc
500 _aCon ex-libris de : A. Cánovas del Castillo
500 _aQM99
650 1 4 _aNovela española
_yÉpoca clásica, 1500-1700
_9215
650 1 4 _aLiteratura española
_yÉpoca clásica, 1500-1700
_9216
650 1 4 _aNovela española
_ySiglo XVII
_9217
650 1 4 _aDon Quijote (Personaje ficticio)
_eNovela
_9218
740 0 _aEl Ingenioso Hidalgo Don Quijote de la Mancha
902 _aQFM
942 _2lcc
_cB
999 _c2218
_d2218